| 000 | 01449nam a22002897a 4500 | ||
|---|---|---|---|
| 003 | AR-RoUNCS | ||
| 005 | 20260309102823.0 | ||
| 008 | 060314s2010 ag a cr 001 jdspa | ||
| 015 | _aAR-2010 | ||
| 020 | _a978-978-04-0528-3 | ||
| 040 |
_aAR-BaBN _bspa _cAR-RoUNCS _eaacr |
||
| 044 |
_aag _car-c |
||
| 080 | 1 |
_a82-32(82) _22016 |
|
| 100 | 1 |
_aValentino, Esteban, _d1956- _eautor _4aut |
|
| 245 | 1 | 4 |
_aLos guerreros de la hierba / _cEsteban Valentino ; ilustraciones de Eugenia Nobati. |
| 250 | _a1a ed., 3a reimp. | ||
| 260 |
_aCiudad Autónoma de Buenos Aires : _bAlfaguara, _c2010. |
||
| 300 |
_a79 p. : _bil. ; _c16 cm. |
||
| 490 | 0 | _aAlfaguara Juvenil | |
| 520 | 3 | _aHace muchos, pero muchos años, floreció en México una poderosa cultura de agricultores, que decayó imprevistamente trescientos años después, con el incendio de su principal centro ceremonial y urbano llamado Teotihuacán. En esos tiempos remotos transcurre esta novela. En estas páginas se narra la tierna y conmovedora historia de ese final, en la voz de un anciano que le cuenta a su nieto los sucesos que llevaron a la destrucción de la ciudad y de su pueblo: la aventura de un niño que se transformó en guerrero. | |
| 521 | 1 | _aEdad sugerida desde los 12 años. | |
| 650 | 7 |
_2embne _aLiteratura argentina |
|
| 655 | 7 |
_aNovelas juveniles _2embne |
|
| 655 | 7 |
_aNovelas cortas _2embne |
|
| 700 | 1 |
_aNobati, Eugenia, _d1968- _eilustradora _4ill |
|
| 942 |
_2udc _cOG _n0 |
||
| 999 |
_c951 _d951 |
||